[Event "DEM U14w 2010"]
[Site "Oberhof GER"]
[Date "2010.05.26"]
[Round "6"]
[White "Gamisch, Laura"]
[Black "Polert, Annika"]
[Result "0-1"]
[Termination "normal"]
[Board "2"]
[WhiteElo "1759"]
[BlackElo "1578"]
[PlyCount "116"]
[WhiteFideId "24615161"]
[BlackFideId "24692328"]
[EventCountry "GER"]
[EventRounds "9"]
[EventType "swiss"]
[EventDate "2010.05.22"]

1. d4 Nf6 2. c4 c5 3. d5 b5 4. cxb5 a6 5. bxa6 Nxa6 6. Nc3 g6 7. e4 d6 8. Bb5+
Bd7 9. Bxd7+ Nxd7 10. Nge2 Bg7 11. O-O O-O 12. Rb1 Ne5 13. f4 Nd7 14. Kh1 Qb8
15. a3 Ra7 16. Qd3 Nc7 17. g4 Rb7 18. h4 Rb3 19. Qc2 e6 20. dxe6 Nxe6 21. Kh2
Nf6 22. Rg1 Nd4 23. Nxd4 cxd4 24. Nd1 d3 25. Qg2 Rc8 26. Ne3 d5 27. exd5 Qxf4+
28. Kh1 Ne4 29. Qf1 Ng3+ 30. Rxg3 Qxg3 31. Ng2 Qh3+ 32. Kg1 Bd4+ 33. Ne3 Bxe3+
34. Bxe3 Qxe3+ 35. Qf2 Qxf2+ 36. Kxf2 Rc2+ 37. Kf3 d2+ 38. Ke2 Rbxb2 39. Rxb2
Rxb2 40. a4 Kf8 41. a5 Ra2 42. a6 Ke7 43. a7 Rxa7 44. Kxd2 Ra4 45. g5 Rxh4 46.
Ke3 Kd6 47. Kf3 Kxd5 48. Kg3 Ra4 49. Kf3 Ke5 50. Kg3 Kf5 51. Kh3 Kxg5 52. Kg3
Ra3+ 53. Kg2 Kf4 54. Kh2 Kg4 55. Kg2 Ra2+ 56. Kg1 Kf3 57. Kh1 Kg3 58. Kg1 Ra1#
0-1

[Event "DEM U14w 2010"]
[Site "Oberhof GER"]
[Date "2010.05.26"]
[Round "6"]
[White "Kuckling, Hannah"]
[Black "Lehmann, Patricia"]
[Result "1/2-1/2"]
[Termination "normal"]
[Board "4"]
[WhiteElo "1602"]
[BlackElo "1340"]
[PlyCount "56"]
[WhiteFideId "24603660"]
[BlackFideId "12900060"]
[EventCountry "GER"]
[EventRounds "9"]
[EventType "swiss"]
[EventDate "2010.05.22"]

1. e4 c5 2. c3 Nf6 3. e5 Nd5 4. Bc4 Qc7 5. Nf3 e6 6. O-O d6 7. exd6 Bxd6 8. Bb3
O-O 9. d4 cxd4 10. cxd4 b6 11. Nbd2 Nf6 12. Nc4 Bb7 13. Nxd6 Qxd6 14. Bg5 Ng4
15. Ne5 Nxe5 16. dxe5 Qxe5 17. Qd2 Na6 18. Rfe1 Qb5 19. Rac1 Rac8 20. Bc2 Qd5
21. Qxd5 Bxd5 22. a3 Nc5 23. Re3 h6 24. Bf4 Nb3 25. Rxb3 Bxb3 26. Bxb3 Rxc1+
27. Bxc1 Rc8 28. Be3 Kh7 1/2-1/2

[Event "DEM U14w 2010"]
[Site "Oberhof GER"]
[Date "2010.05.26"]
[Round "6"]
[White "Berger, Nadja"]
[Black "Steimbach, Isabel"]
[Result "1-0"]
[Termination "normal"]
[Board "5"]
[WhiteElo "1706"]
[BlackElo "1543"]
[PlyCount "89"]
[WhiteFideId "24692212"]
[BlackFideId "24692174"]
[EventCountry "GER"]
[EventRounds "9"]
[EventType "swiss"]
[EventDate "2010.05.22"]

1. f4 d5 2. Nf3 Nf6 3. e3 c5 4. b3 Nc6 5. Bb5 Bd7 6. Bb2 e6 7. O-O a6 8. Bxc6
Bxc6 9. Ne5 Rc8 10. d3 Be7 11. Nd2 O-O 12. Rf3 d4 13. e4 Nd7 14. Rh3 Nxe5 15.
Qh5 h6 16. fxe5 Bg5 17. Rd1 Be3+ 18. Kh1 Qg5 19. Qe2 Qxe5 20. Rxe3 Qc7 21. Rg3
e5 22. Qh5 Qd6 23. Qg4 g6 24. Nf3 Bd7 25. Qh4 Kg7 26. Qh5 Rce8 27. Nh4 Kh7 28.
Qe2 h5 29. Rf1 Qe7 30. Nf5 Bxf5 31. exf5 e4 32. dxe4 Qxe4 33. Qxe4 Rxe4 34. h3
Rg8 35. fxg6+ fxg6 36. Rgf3 Re2 37. R3f2 Rge8 38. Kg1 Kg8 39. Ba3 b6 40. Bb2 b5
41. a3 a5 42. b4 axb4 43. axb4 cxb4 44. Bxd4 Rxf2 45. Kxf2 1-0

[Event "DEM U14w 2010"]
[Site "Oberhof GER"]
[Date "2010.05.26"]
[Round "6"]
[White "Diederichs, Luise"]
[Black "Winterholler, Christina"]
[Result "1-0"]
[Termination "normal"]
[Board "6"]
[WhiteElo "1542"]
[BlackElo "1702"]
[PlyCount "71"]
[WhiteFideId "24661597"]
[BlackFideId "24652105"]
[EventCountry "GER"]
[EventRounds "9"]
[EventType "swiss"]
[EventDate "2010.05.22"]

1. d4 d5 2. c4 c6 3. cxd5 cxd5 4. Nc3 Nf6 5. Bf4 a6 6. e3 Nc6 7. Bd3 e6 8. Rc1
Bd7 9. a3 b5 10. Nge2 Na5 11. O-O Nc4 12. Rb1 Bc6 13. Qc1 Rc8 14. b4 a5 15.
Bxc4 dxc4 16. f3 Be7 17. g4 h5 18. h3 axb4 19. axb4 Nd5 20. Nxd5 Qxd5 21. Nc3
Qd8 22. Kg2 Bd6 23. Bxd6 hxg4 24. hxg4 Qxd6 25. Rh1 Ke7 26. Qd2 e5 27. d5 g6
28. e4 f5 29. Qg5+ Kf7 30. dxc6 Qd3 31. Rbd1 Rxh1 32. Rxd3 cxd3 33. Kxh1 Rxc6
34. Qd2 fxg4 35. fxg4 Rc4 36. Nxb5 1-0

[Event "DEM U14w 2010"]
[Site "Oberhof GER"]
[Date "2010.05.26"]
[Round "6"]
[White "Hartewig, Anja"]
[Black "Röhlich, Anna"]
[Result "0-1"]
[Termination "normal"]
[Board "8"]
[WhiteElo "1471"]
[BlackElo "1492"]
[PlyCount "112"]
[WhiteFideId "12917966"]
[EventCountry "GER"]
[EventRounds "9"]
[EventType "swiss"]
[EventDate "2010.05.22"]

1. d4 Nf6 2. c4 g6 3. Nc3 Bg7 4. e4 d6 5. Nf3 O-O 6. Be2 e5 7. dxe5 dxe5 8.
Qxd8 Rxd8 9. Bg5 Re8 10. O-O c6 11. Rfd1 Na6 12. Rd6 Be6 13. Rad1 Nc5 14. Nd2
Rad8 15. Rxd8 Rxd8 16. b4 Na6 17. a3 Nc7 18. f4 Re8 19. Nf3 Nd7 20. fxe5 Nxe5
21. Bf4 Nxf3+ 22. gxf3 Bxc3 23. Bxc7 f6 24. b5 cxb5 25. cxb5 Be5 26. Bxe5 fxe5
27. Rc1 Kf7 28. Rc7+ Re7 29. Rxe7+ Kxe7 30. a4 b6 31. Bd1 Kd6 32. Kf2 Kc5 33.
Kg3 g5 34. h4 h6 35. h5 Kd4 36. Kf2 Bf7 37. Kg3 Bxh5 38. Kh3 Ke3 39. Kg3 Kd4
40. Kf2 Bf7 41. Kg3 h5 42. Kf2 Be6 43. Kg3 g4 44. fxg4 Bxg4 45. Bxg4 hxg4 46.
Kxg4 Kxe4 47. Kg3 Ke3 48. Kg4 e4 49. Kf5 Kd3 50. Ke6 e3 51. Kd7 e2 52. Kc7 e1=Q
53. Kb7 Qe7+ 54. Ka6 Kd4 55. a5 Qc7 56. axb6 Qxb6# 0-1

[Event "DEM U14w 2010"]
[Site "Oberhof GER"]
[Date "2010.05.26"]
[Round "6"]
[White "Schreiber, Justina"]
[Black "Michels, Kim"]
[Result "0-1"]
[Termination "normal"]
[Board "9"]
[WhiteElo "1443"]
[BlackElo "1675"]
[PlyCount "34"]
[WhiteFideId "24661570"]
[BlackFideId "24690066"]
[EventCountry "GER"]
[EventRounds "9"]
[EventType "swiss"]
[EventDate "2010.05.22"]

1. e4 c5 2. Bc4 Nc6 3. f4 e6 4. Nc3 Nge7 5. d3 d5 6. Bb3 d4 7. Nce2 b6 8. Nf3
Bb7 9. O-O Ng6 10. Qe1 Bd6 11. f5 exf5 12. exf5 Nge5 13. Nf4 O-O 14. Nh5 Nxf3+
15. Rxf3 Re8 16. Qd2 Qh4 17. Rh3 Re1+ 0-1

[Event "DEM U14w 2010"]
[Site "Oberhof GER"]
[Date "2010.05.26"]
[Round "6"]
[White "Triantafillidis, Katherina"]
[Black "Wulf, Constanze"]
[Result "1/2-1/2"]
[Termination "normal"]
[Board "11"]
[WhiteElo "1266"]
[BlackElo "1282"]
[PlyCount "46"]
[WhiteFideId "24692409"]
[BlackFideId "24692379"]
[EventCountry "GER"]
[EventRounds "9"]
[EventType "swiss"]
[EventDate "2010.05.22"]

1. e4 c5 2. Nf3 e6 3. d4 cxd4 4. Nxd4 Nc6 5. Be3 Qc7 6. Nc3 a6 7. Be2 Nf6 8. a3
Be7 9. O-O O-O 10. Qd2 d6 11. Rad1 b5 12. Bf3 Ne5 13. Be2 Nc4 14. Bxc4 Qxc4 15.
Qd3 Qc7 16. Rfe1 Bb7 17. Bg5 Rfd8 18. Nf3 Rac8 19. h3 h6 20. Bh4 Qc5 21. Qd4
Qxd4 22. Nxd4 Rd7 23. Nf3 d5 1/2-1/2

[Event "DEM U14w 2010"]
[Site "Oberhof GER"]
[Date "2010.05.26"]
[Round "6"]
[White "Bürger, Jessica"]
[Black "Ehrenberg, Natalie"]
[Result "1/2-1/2"]
[Termination "normal"]
[Board "12"]
[WhiteElo "1257"]
[BlackElo "1149"]
[PlyCount "44"]
[WhiteFideId "12917974"]
[EventCountry "GER"]
[EventRounds "9"]
[EventType "swiss"]
[EventDate "2010.05.22"]

1. e4 e6 2. d4 d5 3. exd5 exd5 4. Bd3 Nf6 5. Bg5 Be7 6. Nf3 O-O 7. O-O Re8 8.
Nbd2 Nbd7 9. Re1 c5 10. dxc5 Nxc5 11. Nb3 Nfd7 12. Nxc5 Nxc5 13. h3 Be6 14.
Bxe7 Rxe7 15. Ng5 g6 16. Qd2 Qc7 17. c3 Nxd3 18. Qxd3 Rae8 19. Nxe6 Rxe6 20.
Rxe6 fxe6 21. Qe3 b6 22. Re1 e5 1/2-1/2

[Event "DEM U14w 2010"]
[Site "Oberhof GER"]
[Date "2010.05.27"]
[Round "7"]
[White "Osmanodja, Filiz"]
[Black "Polert, Annika"]
[Result "1-0"]
[Termination "normal"]
[Board "1"]
[WhiteTitle "FM"]
[WhiteElo "2018"]
[BlackElo "1578"]
[PlyCount "61"]
[WhiteFideId "24633569"]
[BlackFideId "24692328"]
[EventCountry "GER"]
[EventRounds "9"]
[EventType "swiss"]
[EventDate "2010.05.22"]

1. e4 c5 2. Nf3 e6 3. d4 cxd4 4. Nxd4 Nf6 5. Nc3 Nc6 6. Ndb5 Bc5 7. Nd6+ Ke7 8.
Bf4 e5 9. Nf5+ Kf8 10. Bg5 Bb4 11. Bc4 d5 12. Bxf6 Qxf6 13. Qxd5 Bxf5 14. exf5
Rd8 15. Qb5 Qxf5 16. O-O Bxc3 17. bxc3 Rd7 18. f4 Qf6 19. Rad1 Rxd1 20. Rxd1
Qe7 21. Bd5 exf4 22. Bxc6 Qe3+ 23. Kh1 g6 24. Qxb7 Kg7 25. Bd5 Re8 26. Qxf7+
Kh6 27. h3 Re7 28. Qf8+ Rg7 29. Rf1 Qxc3 30. Qxf4+ g5 31. Qf6+ 1-0

[Event "DEM U14w 2010"]
[Site "Oberhof GER"]
[Date "2010.05.27"]
[Round "7"]
[White "Lehmann, Patricia"]
[Black "Schmalhorst, Sophia"]
[Result "0-1"]
[Termination "normal"]
[Board "2"]
[WhiteElo "1340"]
[BlackElo "1834"]
[PlyCount "84"]
[WhiteFideId "12900060"]
[BlackFideId "24682497"]
[EventCountry "GER"]
[EventRounds "9"]
[EventType "swiss"]
[EventDate "2010.05.22"]

1. d4 d5 2. c4 e6 3. Nc3 c6 4. Nf3 dxc4 5. e3 b5 6. a4 Bb4 7. axb5 Bxc3+ 8.
bxc3 cxb5 9. Ne5 Nf6 10. Ba3 Bb7 11. f3 Nbd7 12. Nxd7 Qxd7 13. Be2 Nd5 14. Qd2
Ne7 15. O-O O-O 16. e4 Rfd8 17. Bxe7 Qxe7 18. Ra5 a6 19. Kh1 Qc7 20. Ra2 a5 21.
Rb1 Bc6 22. g4 Be8 23. g5 Rab8 24. Rba1 a4 25. Rb1 b4 26. Rxb4 Rxb4 27. cxb4 c3
28. Qc1 Rxd4 29. Rc2 Rxb4 30. Rxc3 Qe5 31. Rc8 Rb8 32. Rc3 g6 33. Kg2 Kg7 34.
h4 Rb3 35. Rxb3 axb3 36. Qb1 Qc3 37. Bd3 Ba4 38. Kg3 b2 39. Kg4 e5 40. Kh3 Qc1
41. Qa2 Qh1+ 42. Kg3 Qg1+ 0-1

[Event "DEM U14w 2010"]
[Site "Oberhof GER"]
[Date "2010.05.27"]
[Round "7"]
[White "Diederichs, Luise"]
[Black "Mehling, Katharina"]
[Result "0-1"]
[Termination "normal"]
[Board "3"]
[WhiteElo "1542"]
[BlackElo "1524"]
[PlyCount "46"]
[WhiteFideId "24661597"]
[BlackFideId "12900362"]
[EventCountry "GER"]
[EventRounds "9"]
[EventType "swiss"]
[EventDate "2010.05.22"]

1. e4 e5 2. c4 Bc5 3. Nc3 Nf6 4. g3 Nc6 5. Bg2 d6 6. h3 O-O 7. Nge2 Ne8 8. O-O
f5 9. exf5 Bxf5 10. Kh2 Bd3 11. Bd5+ Kh8 12. f4 Nf6 13. Bxc6 bxc6 14. fxe5 dxe5
15. b3 Nh5 16. Rxf8+ Qxf8 17. Qe1 Bf2 18. Qh1 Bxg3+ 19. Nxg3 Nxg3 20. Qg2 Nh5
21. Bb2 Qf4+ 22. Kg1 Rf8 23. Nd1 Be4 0-1

[Event "DEM U14w 2010"]
[Site "Oberhof GER"]
[Date "2010.05.27"]
[Round "7"]
[White "Gamisch, Laura"]
[Black "Berger, Nadja"]
[Result "1/2-1/2"]
[Termination "normal"]
[Board "4"]
[WhiteElo "1759"]
[BlackElo "1706"]
[PlyCount "57"]
[WhiteFideId "24615161"]
[BlackFideId "24692212"]
[EventCountry "GER"]
[EventRounds "9"]
[EventType "swiss"]
[EventDate "2010.05.22"]

1. d4 d6 2. Nf3 g6 3. g3 Bg7 4. Bg2 Nf6 5. O-O O-O 6. Nc3 c5 7. d5 Nbd7 8. e4
a6 9. a4 Qc7 10. Bf4 Ng4 11. h3 Nge5 12. Nxe5 Nxe5 13. Qc1 Re8 14. Nd1 Nc4 15.
c3 Ne5 16. Qc2 Ra7 17. a5 Bd7 18. c4 b5 19. axb6 Qxb6 20. Bd2 Bc8 21. Ba5 Qb8
22. Bc3 Rb7 23. f4 Nd7 24. Bxg7 Kxg7 25. Rxa6 Rxb2 26. Qxb2+ Qxb2 27. Nxb2 Bxa6
28. Ra1 Ra8 29. Bf1 1/2-1/2

[Event "DEM U14w 2010"]
[Site "Oberhof GER"]
[Date "2010.05.27"]
[Round "7"]
[White "Spiegelberg, Silvia"]
[Black "Kuckling, Hannah"]
[Result "1-0"]
[Termination "time forfeit"]
[Board "5"]
[WhiteElo "1609"]
[BlackElo "1602"]
[PlyCount "53"]
[WhiteFideId "24654450"]
[BlackFideId "24603660"]
[EventCountry "GER"]
[EventRounds "9"]
[EventType "swiss"]
[EventDate "2010.05.22"]

1. d4 Nf6 2. Nf3 g6 3. e3 Bg7 4. b4 O-O 5. c4 d6 6. Be2 c5 7. a3 Qb6 8. Qb3
Nbd7 9. Bb2 Re8 10. O-O e5 11. d5 e4 12. Nfd2 Ne5 13. Nc3 Bf5 14. Na4 Qc7 15.
bxc5 dxc5 16. Rab1 b6 17. Rfd1 Rad8 18. Nc3 Neg4 19. Nf1 Ne5 20. Ng3 Neg4 21.
h3 Nxe3 22. Nb5 Qb8 23. Qxe3 Bd7 24. Nc3 h5 25. Bc1 Nh7 26. Nb5 a6 27. Nc3 1-0

[Event "DEM U14w 2010"]
[Site "Oberhof GER"]
[Date "2010.05.27"]
[Round "7"]
[White "Steimbach, Isabel"]
[Black "Lagunow, Elina"]
[Result "1-0"]
[Termination "normal"]
[Board "7"]
[WhiteElo "1543"]
[BlackElo "1720"]
[PlyCount "101"]
[WhiteFideId "24692174"]
[BlackFideId "4673387"]
[EventCountry "GER"]
[EventRounds "9"]
[EventType "swiss"]
[EventDate "2010.05.22"]

1. e4 d6 2. d4 g6 3. Nc3 Bg7 4. Nf3 Nf6 5. Be2 O-O 6. O-O c5 7. e5 Nfd7 8. exd6
exd6 9. Ne4 Qb6 10. dxc5 dxc5 11. Nd6 Nc6 12. Nxc8 Qc7 13. Nd6 Nf6 14. Nb5 Qe7
15. Re1 Rad8 16. Bd3 Qd7 17. Bg5 h6 18. Bxf6 Bxf6 19. Rb1 a6 20. Na3 Qc7 21.
Qc1 Bg7 22. Be4 Nb4 23. Ra1 b5 24. c3 Nd5 25. Bxd5 Rxd5 26. c4 Rh5 27. cxb5 Qb8
28. Rb1 axb5 29. Nc2 f5 30. Qe3 Kh8 31. Qe6 Kh7 32. b3 g5 33. g3 g4 34. Nh4 Rg5
35. Ng2 Qa8 36. a3 Qf3 37. Qe3 Qd5 38. Rbd1 Qc6 39. Qe6 Qf3 40. Qe3 Qc6 41. Qe7
Qf3 42. Nce3 Rc8 43. Nh4 Qa8 44. Nhxf5 Qxa3 45. Nxg7 Rxg7 46. Qe4+ Kh8 47. Nf5
Rf7 48. Qe5+ Kh7 49. Qe6 Rcf8 50. Qxh6+ Kg8 51. Ne7+ 1-0

[Event "DEM U14w 2010"]
[Site "Oberhof GER"]
[Date "2010.05.27"]
[Round "7"]
[White "Michels, Kim"]
[Black "Fischer, Maxi"]
[Result "1-0"]
[Termination "normal"]
[Board "8"]
[WhiteElo "1675"]
[BlackElo "1194"]
[PlyCount "107"]
[WhiteFideId "24690066"]
[BlackFideId "24692395"]
[EventCountry "GER"]
[EventRounds "9"]
[EventType "swiss"]
[EventDate "2010.05.22"]

1. e4 e5 2. Nf3 Nc6 3. Bc4 Bc5 4. c3 Nf6 5. d4 exd4 6. cxd4 Bb4+ 7. Nc3 Nxe4 8.
O-O Bxc3 9. d5 Ne5 10. bxc3 Nxc4 11. Qd4 f5 12. Qxc4 d6 13. Re1 O-O 14. Bb2 Nc5
15. Qd4 Qf6 16. Qd2 Bd7 17. c4 Qg6 18. Re7 Rf7 19. Rxf7 Kxf7 20. Re1 Kf8 21.
Qd4 Ne4 22. h4 c5 23. dxc6 Bxc6 24. Qe3 Re8 25. Qxa7 Nd2 26. Rxe8+ Qxe8 27.
Nxd2 Qe1+ 28. Nf1 Qe4 29. Qb8+ Ke7 30. Qc7+ Ke6 31. Qxg7 f4 32. Qg4+ Ke7 33.
Bc1 h5 34. Qg5+ Kd7 35. Bxf4 Kc7 36. Be3 Qxc4 37. Qe7+ Bd7 38. Bb6+ Kc6 39. Qd8
Be6 40. Qc7+ Kb5 41. Qxc4+ Bxc4 42. Ne3 Bxa2 43. Bd4 Kc6 44. f3 b5 45. g4 hxg4
46. fxg4 Kd7 47. h5 Ke8 48. h6 Bg8 49. Kf2 b4 50. Kg3 Kf7 51. Kf4 Ke6 52. g5
Bh7 53. Ng4 b3 54. Nf6 1-0

[Event "DEM U14w 2010"]
[Site "Oberhof GER"]
[Date "2010.05.27"]
[Round "7"]
[White "Wulf, Constanze"]
[Black "Winterholler, Christina"]
[Result "0-1"]
[Termination "normal"]
[Board "9"]
[WhiteElo "1282"]
[BlackElo "1702"]
[PlyCount "60"]
[WhiteFideId "24692379"]
[BlackFideId "24652105"]
[EventCountry "GER"]
[EventRounds "9"]
[EventType "swiss"]
[EventDate "2010.05.22"]

1. d4 d5 2. Bf4 c5 3. c3 cxd4 4. cxd4 Nc6 5. e3 a6 6. Nd2 Nf6 7. Ngf3 e6 8. a3
Be7 9. Bd3 O-O 10. Ne5 Nxe5 11. dxe5 Nd7 12. Qh5 g6 13. Qg4 Kh8 14. h4 Rg8 15.
Nf3 Qe8 16. Qh3 Nf8 17. Bh6 f6 18. g4 Qf7 19. g5 f5 20. Ke2 Bd7 21. Rh2 Be8 22.
Rah1 Nd7 23. Kd2 Nc5 24. Be2 Ne4+ 25. Ke1 Rc8 26. Kd1 Bd8 27. Nd2 Qc7 28. Bd3
Qc1+ 29. Ke2 Qxd2+ 30. Kf3 Qxd3 0-1

[Event "DEM U14w 2010"]
[Site "Oberhof GER"]
[Date "2010.05.27"]
[Round "7"]
[White "Puffay, Jana"]
[Black "Hölzer, Jeanette"]
[Result "1-0"]
[Termination "normal"]
[Board "10"]
[WhiteElo "1399"]
[BlackElo "1210"]
[PlyCount "55"]
[WhiteFideId "24692360"]
[BlackFideId "12917982"]
[EventCountry "GER"]
[EventRounds "9"]
[EventType "swiss"]
[EventDate "2010.05.22"]

1. e4 e5 2. Nf3 Nc6 3. Bc4 Bc5 4. c3 Nf6 5. d3 d6 6. Nbd2 Be6 7. Bb3 Qd7 8. Ba4
d5 9. Nxe5 Qd6 10. Nxc6 bxc6 11. d4 Bb6 12. e5 Qd7 13. exf6 gxf6 14. O-O Rg8
15. Re1 O-O-O 16. Nb3 Bh3 17. g3 Bg4 18. Qd3 h5 19. Qa6+ Kb8 20. Nc5 Qc8 21.
Qxc8+ Kxc8 22. b4 h4 23. Bf4 hxg3 24. fxg3 Rg7 25. Re7 Bd7 26. Nxd7 Rxd7 27.
Re8+ Kb7 28. Rae1 1-0

[Event "DEM U14w 2010"]
[Site "Oberhof GER"]
[Date "2010.05.27"]
[Round "7"]
[White "Ehrenberg, Natalie"]
[Black "Hartewig, Anja"]
[Result "0-1"]
[Termination "normal"]
[Board "11"]
[WhiteElo "1149"]
[BlackElo "1471"]
[PlyCount "48"]
[BlackFideId "12917966"]
[EventCountry "GER"]
[EventRounds "9"]
[EventType "swiss"]
[EventDate "2010.05.22"]

1. e4 d6 2. d4 Nf6 3. Nc3 g6 4. Nf3 Bg7 5. Be2 c6 6. O-O b5 7. a3 O-O 8. Bg5
Nbd7 9. e5 dxe5 10. Nxe5 Bb7 11. Bf3 Rc8 12. Re1 a6 13. d5 Nxe5 14. Rxe5 cxd5
15. Re1 Rc7 16. Qd2 Ne4 17. Bxe4 dxe4 18. Rad1 Qxd2 19. Rxd2 Rxc3 20. bxc3 Bxc3
21. Rde2 Bxe1 22. Rxe1 f6 23. Be3 Rc8 24. Re2 Rc3 0-1

[Event "DEM U14w 2010"]
[Site "Oberhof GER"]
[Date "2010.05.27"]
[Round "7"]
[White "Bürger, Jessica"]
[Black "Schreiber, Justina"]
[Result "1/2-1/2"]
[Termination "normal"]
[Board "12"]
[WhiteElo "1257"]
[BlackElo "1443"]
[PlyCount "38"]
[WhiteFideId "12917974"]
[BlackFideId "24661570"]
[EventCountry "GER"]
[EventRounds "9"]
[EventType "swiss"]
[EventDate "2010.05.22"]

1. e4 e6 2. d4 d5 3. Nc3 Bb4 4. exd5 exd5 5. Bd3 Ne7 6. Nge2 Bf5 7. O-O Nbc6 8.
Be3 O-O 9. Ng3 Bxd3 10. Qxd3 Qd7 11. h3 Ng6 12. Nce2 Nce7 13. c3 Bd6 14. Qd2 c6
15. Nh5 Nf5 16. Neg3 Nxe3 17. fxe3 Bxg3 18. Nxg3 Rae8 19. Rae1 f5 1/2-1/2

[Event "DEM U14w 2010"]
[Site "Oberhof GER"]
[Date "2010.05.27"]
[Round "7"]
[White "Genath, Maren"]
[Black "Triantafillidis, Katherina"]
[Result "1/2-1/2"]
[Termination "normal"]
[Board "13"]
[WhiteElo "1041"]
[BlackElo "1266"]
[PlyCount "61"]
[BlackFideId "24692409"]
[EventCountry "GER"]
[EventRounds "9"]
[EventType "swiss"]
[EventDate "2010.05.22"]

1. e4 e5 2. Nc3 Nc6 3. Bc4 Nf6 4. a3 Nxe4 5. Nxe4 d5 6. Bd3 dxe4 7. Bxe4 Bd7 8.
Nf3 Bd6 9. d4 Bg4 10. Bxc6+ bxc6 11. dxe5 Bc5 12. Qxd8+ Rxd8 13. Bg5 Rb8 14. b4
Bb6 15. O-O Bxf3 16. gxf3 O-O 17. Rad1 Rfe8 18. Bf4 a6 19. Rd7 Rbd8 20. Rfd1
Rc8 21. Bg3 h6 22. f4 c5 23. c3 Re6 24. Rd8+ Re8 25. Rxe8+ Rxe8 26. Rd7 cxb4
27. cxb4 Rc8 28. Kf1 Rb8 29. f3 c5 30. bxc5 Bxc5 31. Rd5 1/2-1/2

[Event "DEM U14w 2010"]
[Site "Oberhof GER"]
[Date "2010.05.28"]
[Round "8"]
[White "Mehling, Katharina"]
[Black "Osmanodja, Filiz"]
[Result "0-1"]
[Termination "normal"]
[Board "1"]
[BlackTitle "FM"]
[WhiteElo "1524"]
[BlackElo "2018"]
[PlyCount "64"]
[WhiteFideId "12900362"]
[BlackFideId "24633569"]
[EventCountry "GER"]
[EventRounds "9"]
[EventType "swiss"]
[EventDate "2010.05.22"]

1. e4 c5 2. Nf3 Nc6 3. d4 cxd4 4. Nxd4 Nf6 5. Nc3 d6 6. Bg5 e6 7. f4 Qb6 8. Nb3
Be7 9. Qd2 O-O 10. O-O-O Rd8 11. Be2 a6 12. g4 Qc7 13. Bxf6 Bxf6 14. g5 Bxc3
15. Qxc3 d5 16. e5 b5 17. a3 Qb6 18. Nd4 Bd7 19. Nxc6 Bxc6 20. Bf3 a5 21. Qd4
Qb7 22. b3 Rac8 23. Kb2 Rc7 24. h4 Rdc8 25. Rd2 Bd7 26. h5 b4 27. axb4 axb4 28.
f5 Ra8 29. fxe6 fxe6 30. Bd1 Qc6 31. Qd3 Qc3+ 32. Qxc3 bxc3+ 0-1

[Event "DEM U14w 2010"]
[Site "Oberhof GER"]
[Date "2010.05.28"]
[Round "8"]
[White "Polert, Annika"]
[Black "Schmalhorst, Sophia"]
[Result "0-1"]
[Termination "normal"]
[Board "2"]
[WhiteElo "1578"]
[BlackElo "1834"]
[PlyCount "106"]
[WhiteFideId "24692328"]
[BlackFideId "24682497"]
[EventCountry "GER"]
[EventRounds "9"]
[EventType "swiss"]
[EventDate "2010.05.22"]

1. e4 e5 2. Nf3 Nc6 3. d4 exd4 4. Nxd4 Nf6 5. Nxc6 bxc6 6. e5 Qe7 7. Qe2 Nd5 8.
c4 Ba6 9. b3 Qh4 10. a3 Bc5 11. g3 Bxf2+ 12. Qxf2 Qe4+ 13. Be2 Qxh1+ 14. Kd2
Qe4 15. cxd5 Qxd5+ 16. Ke1 Bxe2 17. Qxe2 Qxb3 18. Nd2 Qd5 19. Nf3 O-O 20. Bb2
Rab8 21. Rd1 Rxb2 22. Qxb2 Qxf3 23. Kd2 Qf2+ 24. Kc1 Qxb2+ 25. Kxb2 Rd8 26. Kc3
d6 27. exd6 cxd6 28. Rb1 Kf8 29. Rb7 Ke8 30. Rxa7 Rd7 31. Ra8+ Ke7 32. a4 Ke6
33. a5 Kd5 34. a6 Kc5 35. Rb8 Ra7 36. Rb7 Rxa6 37. Rxf7 Ra3+ 38. Kb2 Re3 39.
Rxg7 Re2+ 40. Kc3 Rxh2 41. Rg5+ d5 42. Kd3 Ra2 43. Kc3 Ra3+ 44. Kb2 Rf3 45. Rh5
Rxg3 46. Rxh7 Kc4 47. Kc2 Rg2+ 48. Kd1 c5 49. Rh4+ d4 50. Kc1 Kc3 51. Kd1 c4
52. Rh3+ d3 53. Rh1 Ra2 0-1

[Event "DEM U14w 2010"]
[Site "Oberhof GER"]
[Date "2010.05.28"]
[Round "8"]
[White "Berger, Nadja"]
[Black "Diederichs, Luise"]
[Result "1-0"]
[Termination "normal"]
[Board "4"]
[WhiteElo "1706"]
[BlackElo "1542"]
[PlyCount "65"]
[WhiteFideId "24692212"]
[BlackFideId "24661597"]
[EventCountry "GER"]
[EventRounds "9"]
[EventType "swiss"]
[EventDate "2010.05.22"]

1. e4 e6 2. d3 d5 3. Nd2 dxe4 4. dxe4 Bc5 5. g3 e5 6. Bg2 Ne7 7. Ngf3 Nbc6 8.
O-O O-O 9. Qe2 Bd7 10. Nc4 f6 11. Kh1 Qc8 12. Ncxe5 fxe5 13. Qc4+ Kh8 14. Qxc5
Ng6 15. Qc3 Bh3 16. Ng1 Bxg2+ 17. Kxg2 Nd4 18. h3 Ne6 19. Be3 Qe8 20. Qd2 Rf6
21. Rad1 Rd8 22. Qe2 Rxd1 23. Rxd1 b6 24. Qd2 h5 25. Qd7 Qf8 26. Qd2 h4 27. Qe2
Kg8 28. Nf3 hxg3 29. fxg3 Kh8 30. Ng5 Nxg5 31. Bxg5 Rd6 32. Rxd6 Qxd6 33. Qd3
1-0

[Event "DEM U14w 2010"]
[Site "Oberhof GER"]
[Date "2010.05.28"]
[Round "8"]
[White "Steimbach, Isabel"]
[Black "Gamisch, Laura"]
[Result "0-1"]
[Termination "normal"]
[Board "5"]
[WhiteElo "1543"]
[BlackElo "1759"]
[PlyCount "72"]
[WhiteFideId "24692174"]
[BlackFideId "24615161"]
[EventCountry "GER"]
[EventRounds "9"]
[EventType "swiss"]
[EventDate "2010.05.22"]

1. e4 c5 2. c3 d6 3. d4 Nf6 4. Bd3 cxd4 5. cxd4 g6 6. Nf3 Bg7 7. Nc3 O-O 8. O-O
Bg4 9. h3 Bxf3 10. Qxf3 Nc6 11. Be3 Nd7 12. Ne2 Nce5 13. dxe5 Nxe5 14. Qg3 Nxd3
15. Bh6 Bxh6 16. Qxd3 Qb6 17. b3 Rac8 18. Nc3 Rxc3 19. Qxc3 Bg7 20. Qc2 Bxa1
21. Rxa1 Qc6 22. Rc1 Rc8 23. Qxc6 Rxc6 24. Rxc6 bxc6 25. Kf1 f5 26. f3 fxe4 27.
fxe4 Kf7 28. Kf2 Kf6 29. Kf3 d5 30. exd5 cxd5 31. b4 Ke5 32. Ke3 d4+ 33. Kd3
Kd5 34. a4 e5 35. a5 e4+ 36. Kd2 Kc4 0-1